Toutes les équipes qui ont joué en Ligue 1 au XXIè siècle - Statistiques

Statistiques générales
  • Ce quiz a été pris 102 fois
  • Le résultat moyen est 37 sur 42
Statistiques - réponses
Stade Club % Correct
Stade Bollaert-Delélis Lens
100%
Stade Pierre Mauroy Lille
100%
Parc des Princes Paris Saint-Germain
100%
Orange Vélodrome Marseille
99%
Stade de la Beaujoire Nantes
99%
Groupama Stadium Lyon
98%
Allianz Riviera Nice
98%
Roazhon Park Rennes
98%
Stade de la Meinau Strasbourg
98%
Matmut Atlantique Bordeaux
97%
Stade du Moustoir Lorient
97%
Stade Louis II Monaco
97%
Stade Geoffroy Guichard Saint-Etienne
97%
Stade Saint-Symphorien Metz
96%
Stade Jean Bouin Paris FC
95%
Stadium T... Toulouse
95%
Stade Francis Le Blé Brest
94%
Stade de la Mosson Montpellier
94%
Stade de l'Abbé Deschamps Auxerre
92%
Stade Armando Cesari Bastia
92%
Stade des Alpes Grenoble
92%
Stade Michel Moretti AC Ajaccio
91%
Stade Raymond Kopa Angers
91%
Stade du Roudourou Guingamp
91%
Stade Auguste Delaune Reims
91%
Stade de la Licorne Amiens
90%
Stade de l'Océane Le Havre
90%
Stade Marcel Picot Nancy
88%
Stade Michel d'Ornano Caen
87%
Stade Gaston Gérard Dijon
85%
Stade de l'Aube Troyes
85%
Stade Gabriel Montpied Clermont
82%
Stade du Hainaut Valenciennes
80%
Stade Auguste Bonal Sochaux
78%
Stade des Antonins Nîmes
76%
Stade Joseph Moynat Evian
69%
Stade Marie Marvingt Le Mans
68%
Stade Louis Degauguez Sedan
68%
Parc des Sports Arles-Avignon
67%
Stade Ange Casanova Gazélec Ajaccio
65%
Stade Parsemain Istres
61%
Stade de la Libération Boulogne
58%
Aucun quiz correspondant
Distribution des résultats
% des personnes avec chaque résultat
Percentile par nombre de réponses
Votre historique - résultats
Vous n’avez pas pris ce quiz